Normal view
MARC view
Entry Personal Name
001 - CONTROL NUMBER
- control field: 38715
003 - CONTROL NUMBER IDENTIFIER
- control field: ARRUPE
005 - DATE AND TIME OF LATEST TRANSACTION
- control field: 20180118112105.0
008 - FIXED-LENGTH DATA ELEMENTS
- fixed length control field: 180118|| aca||aabn | a|a d
040 ## - CATALOGING SOURCE
- Original cataloging agency: ARRUPE
- Transcribing agency: ARRUPE
100 ## - HEADING--PERSONAL NAME
- Personal name: Bimwenyi-Kweshi, O.
- Fuller form of name: (Oscar)
670 ## - SOURCE DATA FOUND
- Source citation: Work cat.: (ARRUPE)0: Bimwenyi-Kweshi, O. (Oscar), Discours théologique négro-africain :, c1981.